MDQL
is popping MORE tags! Check the
thread
!
Quizzes
Events
Quiz Creation
Community
Videos
Private Events
Remove Ads
Sign In
Join for FREE
Feedback
Dark Mode
Quiz Categories
Sports
Geography
Music
Movies
Television
Just For Fun
Miscellaneous
History
Literature
Language
Science
Gaming
Entertainment
Religion
Holiday
For Kids
Quiz Lab
Recent
Popular Today
Quiz Kudos Today
Editor Picks
Curator Picks
Quizzes by...
Day
Popularity
Type
Ratings
Length
Year
Community
Subscriptions
Recent Discussions
Orange Saloon
Badges
Playlists
Quests
Create
Leaderboards
Showdown
Live 5
Trivia Bingo
Activity
Puzzle Library
Sporcle Events
Private Events
Virtual Trivia
Globe League
Become a Host
Pub Owners
SporcleCon
Opinionation
Our Games
Videos
Blog
Mobile Apps
Partnerships
Remove Ads and Go Orange
Feedback
Gaming
Video Games
Board Games
Card Games
Pokémon
Mario
Nintendo
Minecraft
Console
Toys
Legend of Zelda
Gaming
Video Games
Board Games
Card Games
Pokémon
Mario
Nintendo
Minecraft
Console
Toys
Legend of Zelda
Random Quiz
Search Sporcle
×
Quiz Lab
Quiz Lab
Gaming
Pokémon
Select answers by clicking on text or image buttons
Select answers by clicking on text or image buttons
Clickable
Best Score? Go Orange.
Name that Evolution Stats
Can You Name that Pokemon Evolution of...
By
cmrinal16
3m
53 Questions
69 Plays
69 Plays
69 Plays
Comments
Comments
Give Quiz Kudos
Give Quiz Kudos
-
- Ratings
hide this ad
Forced Order
Answers have to be entered in order
Answers have to be entered in order
Replay
Link that replays current quiz
Next Quiz
Link to next quiz in quiz playlist
You Got
0%
They Got
Avg Score
77%
Avg Friend Score
Upgrade to see
Score Distribution
Jump to the score distribution portion of the page
Score
0/53
Timer
03:00
0
Plays Today
% Correct
Golbat
88.4%
Parasect
87%
Raichu
85.5%
Sandslash
84.1%
Nidoqueen
84.1%
Alakazam
84.1%
Magnezone
82.6%
Charizard
81.2%
Clefable
81.2%
Persian
81.2%
Arcanine
81.2%
Poliwhirl
81.2%
Magneton
81.2%
Blastoise
79.7%
Arbok
79.7%
Pikachu
79.7%
Nidoking
79.7%
Golduck
79.7%
Venusaur
78.3%
Metapod
78.3%
Butterfree
78.3%
Fearow
78.3%
Wigglytuff
78.3%
Crobat
78.3%
Poliwrath
78.3%
Tentacruel
78.3%
Pidgeotto
76.8%
% Correct
Ninetales
76.8%
Dugtrio
76.8%
Kadabra
76.8%
Weepinbell
76.8%
Graveler
76.8%
Charmeleon
75.4%
Raticate
75.4%
Venomoth
75.4%
Primeape
75.4%
Machoke
75.4%
Rapidash
75.4%
Ivysaur
73.9%
Wartortle
73.9%
Beedrill
73.9%
Clefairy
73.9%
Victreebel
73.9%
Golem
73.9%
Slowbro
73.9%
Pidgeot
72.5%
Jigglypuff
72.5%
Machamp
72.5%
Kakuna
69.6%
Nidorina
69.6%
Nidorino
69.6%
Gloom
68.1%
Vileplume
68.1%
Quiz Playlist
Details
Report
Send in Message
Add To Playlist
Clickable:
Select answers by clicking on text or image buttons
Forced Order:
Answers have to be entered in order
Last Updated: Feb 16, 2017
Quiz Scoreboard
CHALLENGE
Sign Up to Join the Scoreboard
Show All
Scores
Hide
Comments
May contain spoilers
Recently Published
Colored Red Africa Blitz
by spor1
Geography
30s
Find the 'City' Movie
by crazypaving
Movies
60s
5x2 Blitz: Bands
by SL_Kpop136
Music
30s
More to Explore
Quiz From the Vault
Featured Blog Post
14 Easter Pick-up Lines to Find Eggs With
hide this ad
You Might Also Like...
Tags
Clickable Quiz
Pokémon Quiz
Evolution
Today's Top Quizzes in Gaming
Browse Gaming
hide this ad
Today's Top Quizzes in Pokémon
Browse Pokémon
Top Contributed Quizzes in Gaming
1
League of Legends Pro Players by Career/Team History
2
Genshin murder mystery
3
Destiny 2 exotic weapons by perk icons
4
Dead By Daylight Logic Puzzle
5
Genshin Impact Logic Puzzle
6
Valorant Agent Developer Names (Up to Clove)
7
Overwatch 2: Ultimate Ability Icons
8
Who's on the WWE 2K24 Cover?
9
Genshin Impact Logic Puzzle Quiz II
10
4x4 Decades: Video Games
Explore More
Trending Topics
Harry Potter
Marvel
Kpop
Disney
Anime
Crossword
NBA
Song
Soccer
Pokémon
WWE
The Office
Country
NFL
Puzzle
hide this ad
More By:
cmrinal16
Quiz
Plays
Rating
Category
Featured
Created
Anti-Jokes
250
4.50
Just For Fun
Jun 3, 2017
Groups of Three
156
2.86
Miscellaneous
Jul 4, 2016
History in Years
97
4.33
History
Jun 5, 2017
Name that Evolution
69
4.67
Gaming
Aug 4, 2016
Anagram Antics
62
Language
Jun 8, 2017
Go to Creator's Profile
Score Distribution
Quiz Creator Spotlight
cmrinal16
Follow
Send a Message
Quizzes Created
-
Created Quiz Play Count
-
More By This Creator
Popular Quizzes Today
1
Colored Red Africa Blitz
2
Find the 'City' Movie
3
5x2 Blitz: Bands
4
Find the US States - No Outlines Minefield
5
The Countries of the World
6
Find the US States
7
US States
8
Find the Countries of Europe - No Outlines Minefield
More Gaming Quizzes
Top 10 Poison Pokémon by stat (Gen 9)
Quiz Lab
Trending Quizzes
Colored Red Europe Blitz I
Colored Red Europe Blitz II
Colored Red Africa Blitz II
Colored Red Europe Blitz III
Colored Red Africa Blitz III
Recently Updated
How Do You Spell That?
pecheneg
Godzilla Movies
pecheneg
Grab Bag: 4-10 Letters
pecheneg
2024 March Madness Bracket
pecheneg
Famous TV Couples
Peacemaker
Champions League XIs: Real Madrid
pecheneg
Largest US Cities 1790-2010
pecheneg
Rides in Walt Disney World
pecheneg
Most Oscar Losses (Acting)
pecheneg
Beyoncé Albums
pecheneg
Trending Topics
Kpop
Harry Potter
Marvel
Anime
Disney
Crossword
NBA
Soccer
WWE
Country
Song
Puzzle
Pokémon
The Office
NFL
Your Account Isn't Verified!
In order to create a playlist on Sporcle, you need to verify the email address you used during registration. Go to your
Sporcle Settings
to finish the process.
Report this User
Report this user for behavior that violates our
Community Guidelines
.
Details:
Send Report
Go to the Sporcle.com Mobile Site →
Comments